000 00476nam a2200181Ia 4500
005 20250704132534.0
008 008 250516s9999 xx 000 0 eng d
020 _a9781009253703
040 _beng
_cSDCL
041 _aeng
_2eng
084 _aQ7:4198.2'L R4
100 _aChoudhury, Rishad
_9809873
245 0 _aHajj across empires
260 _aNew Delhi:
_bCambridge University Press,
_c2024.
300 _axxi, 351p.
650 _aHistory
942 _cTEXL
_2CC
999 _c1430071
_d1430071